<?xml version="1.0" encoding="UTF-8"?>
<marc:record xmlns:marc="http://www.loc.gov/MARC21/slim">
   <marc:leader>00000nam a2200000 a 4500</marc:leader>
   <marc:datafield ind1="1" ind2=" " tag="100">
      <marc:subfield code="a">Grisham, John</marc:subfield>
      <marc:subfield code="4">aut</marc:subfield>
      <marc:subfield code="e">Verfasser/-in</marc:subfield>
   </marc:datafield>
   <marc:datafield ind1="0" ind2="0" tag="245">
      <marc:subfield code="a">Das Manuskript</marc:subfield>
   </marc:datafield>
   <marc:datafield ind1="0" ind2="0" tag="245">
      <marc:subfield code="c">John Grisham</marc:subfield>
   </marc:datafield>
   <marc:datafield ind1=" " ind2="1" tag="264">
      <marc:subfield code="a">München</marc:subfield>
      <marc:subfield code="b">Random House Audio</marc:subfield>
      <marc:subfield code="c">2020</marc:subfield>
   </marc:datafield>
   <marc:datafield ind1="1" ind2=" " tag="520">
      <marc:subfield code="a">Angaben aus der Verlagsmeldung

Das Manuskript Camino Island 2 (Doubleday) / von John Grisham

John Grihsam kehrt nach Camino Island zurück!

Bruce Cable, Betreiber der Buchhandlung Bay Books, bereitet gerade die Lesung eines Bestsellerautors vor, als Hurrikan Leo Camino Island heimsucht. Der Gouverneur ordnet eine Evakuierung der Insel an, aber Bruce beschließt zu bleiben. Der Sturm fordert mehrere Todesopfer und auch Bruces Freund Nelson Kerr, ein Thrillerautor, kommt ums Leben. Allerdings stellt sich heraus, dass nicht der Sturm die Todesursache war, sondern mehrere Schussverletzungen am Kopf. Bruce beginnt zu ermitteln: Könnte die Lösung des Falls auf den Seiten von Nelsons Roman zu finden sein?

leicht gekürzte Lesung mit Charles Brauer
2 MP3-CDs, ca. 9h 47min

</marc:subfield>
   </marc:datafield>
   <marc:datafield ind1=" " ind2=" " tag="020">
      <marc:subfield code="a">9783837152944</marc:subfield>
      <marc:subfield code="9">9783837152944</marc:subfield>
   </marc:datafield>
   <marc:datafield ind1=" " ind2=" " tag="020">
      <marc:subfield code="a">3837152944</marc:subfield>
      <marc:subfield code="9">3837152944</marc:subfield>
   </marc:datafield>
   <marc:datafield ind1=" " ind2=" " tag="041">
      <marc:subfield code="a">ger</marc:subfield>
   </marc:datafield>
</marc:record>
